000 00391nam a2200169Ia 4500
008 230524s9999 xx 000 0 und d
082 _a631.304
_bSAP
100 _aP.K.Sapra
245 0 _aWorkshop Technology -1
250 _a1ST
260 _aNEW DELHI
_bVikas
_c1998
300 _aVI;491
500 _aQuantity Number: 2
650 _aWorkshop
700 _a R.K.Kapur
942 _cBK
999 _c26508
_d26508